| 000 | 00745cam a2200193 4500 | ||
|---|---|---|---|
| 001 | WB3831-07 | ||
| 008 | 020823n2002 000 0 eng u | ||
| 035 | _a(Sirsi) u119423 | ||
| 245 | _aICE new contract | ||
| 260 | _C2002 | ||
| 490 |
_aICE Press Statement _v 16 August 2002, (1) |
||
| 520 | _aNew term version of ICE Conditions of Contract will be published on 19 September 2002. It will not include a retention clause. This is to promote team working and best practice. Copies of contract available from +44 (0)20 7665 2464. www.ice.org.uk/navigation/news/index_press.asp | ||
| 590 | _aWB | ||
| 650 | _aICE CONDITIONS OF CONTRACT | ||
| 650 | _aRETENTION CLAUSES | ||
| 650 | _aRETENTIONS | ||
| 690 | _aBUILT ENVIRONMENT | ||
| 942 | _n0 | ||
| 999 |
_c71002 _d71002 |
||